[Event "Helsingor Xtracon op"]
[Site "Helsingor"]
[Date "2019.07.28"]
[Round "10"]
[White "Loveid, Erik"]
[Black "Skjoldager, Flemming"]
[Result "1/2-1/2"]
[WhiteElo "1799"]
[BlackElo "1972"]
[PlyCount "30"]
[EventDate "2019.07.20"]
[EventType "swiss"]
[EventRounds "10"]
[EventCountry "DEN"]
[SourceTitle "CBM 191 Extra"]
[Source "ChessBase"]
[SourceDate "2019.09.30"]
[SourceVersion "1"]
[SourceVersionDate "2019.09.30"]
[SourceQuality "1"]

1. d4 d5 2. Bg5 g6 3. e3 Bg7 4. Nf3 c5 5. c3 Qb6 6. Qb3 c4 7. Qxb6 axb6 8. Nbd2 Nf6 9. Be2 Nc6 10. 0-0 0-0 11. b3 b5 12. a4 b4 13. bxc4 bxc3 14. Bxf6 exf6 15. cxd5 Nb4 1/2-1/2

[Event "Helsingor Xtracon op"]
[Site "Helsingor"]
[Date "2017.07.30"]
[Round "10"]
[White "Winfridsson, Hakan"]
[Black "Skjoldager, Flemming"]
[Result "1/2-1/2"]
[WhiteElo "2081"]
[BlackElo "1906"]
[PlyCount "24"]
[EventDate "2017.07.22"]
[EventType "swiss"]
[EventRounds "10"]
[EventCountry "DEN"]
[SourceTitle "CBM 179 Extra"]
[Source "ChessBase"]
[SourceDate "2017.08.23"]
[SourceVersion "1"]
[SourceVersionDate "2017.08.23"]
[SourceQuality "1"]

1. e4 d5 2. exd5 Qxd5 3. Nc3 Qd6 4. Bc4 Nf6 5. d3 c6 6. Nge2 e5 7. Bg5 Be7 8. Qd2 Be6 9. Bxe6 Qxe6 10. h3 Nbd7 11. 0-0-0 0-0-0 12. Rhe1 h6 1/2-1/2

[Event "Helsingor Xtracon op"]
[Site "Helsingor"]
[Date "2017.07.29"]
[Round "9"]
[White "Skjoldager, Flemming"]
[Black "Madsen, Michael Bohring"]
[Result "1/2-1/2"]
[WhiteElo "1906"]
[BlackElo "2092"]
[PlyCount "37"]
[EventDate "2017.07.22"]
[EventType "swiss"]
[EventRounds "10"]
[EventCountry "DEN"]
[SourceTitle "CBM 179 Extra"]
[Source "ChessBase"]
[SourceDate "2017.08.23"]
[SourceVersion "1"]
[SourceVersionDate "2017.08.23"]
[SourceQuality "1"]

1. e4 c5 2. Nf3 d6 3. d4 cxd4 4. Nxd4 Nf6 5. Nc3 Bd7 6. Be2 e5 7. Nb3 Bc6 8. Qd3 Be7 9. Bg5 Nbd7 10. 0-0-0 h6 11. Be3 a6 12. Kb1 b5 13. f3 Qc7 14. Nd5 Nxd5 15. exd5 Bb7 16. c4 bxc4 17. Qxc4 Qxc4 18. Bxc4 0-0 19. Na5 1/2-1/2

[Event "Helsingor Xtracon op"]
[Site "Helsingor"]
[Date "2017.07.25"]
[Round "5"]
[White "Skjoldager, Flemming"]
[Black "Hojgaard, Brandur"]
[Result "1-0"]
[WhiteElo "1906"]
[BlackElo "1747"]
[PlyCount "71"]
[EventDate "2017.07.22"]
[EventType "swiss"]
[EventRounds "10"]
[EventCountry "DEN"]
[SourceTitle "CBM 179 Extra"]
[Source "ChessBase"]
[SourceDate "2017.08.23"]
[SourceVersion "1"]
[SourceVersionDate "2017.08.23"]
[SourceQuality "1"]

1. e4 c5 2. Nf3 d6 3. d4 cxd4 4. Nxd4 Nf6 5. Nc3 a6 6. g3 g6 7. Bg2 Bg7 8. 0-0 Qc7 9. h3 Nc6 10. Nb3 Bd7 11. f4 0-0 12. Be3 b5 13. a3 Rac8 14. Rc1 e6 15. Qd2 Rfd8 16. Qf2 Rb8 17. Ra1 Ne7 18. Rad1 Nc6 19. Nd4 Na5 20. e5 Ne8 21. Ne4 d5 22. Ng5 Bf8 23. c3 Nc4 24. Bc1 Ng7 25. g4 Bc5 26. Qh4 h5 27. Kh1 Be7 28. Bf3 f6 29. exf6 Bxf6 30. gxh5 gxh5 31. Bxh5 Be8 32. Bxe8 Rxe8 33. Qh7+ Kf8 34. Rde1 Rb6 35. Qg6 Qd7 36. Qxf6+ 1-0

[Event "Helsingor Xtracon op"]
[Site "Helsingor"]
[Date "2017.07.24"]
[Round "4"]
[White "Risting, Eivind Olav"]
[Black "Skjoldager, Flemming"]
[Result "1-0"]
[WhiteElo "2307"]
[BlackElo "1906"]
[PlyCount "75"]
[EventDate "2017.07.22"]
[EventType "swiss"]
[EventRounds "10"]
[EventCountry "DEN"]
[SourceTitle "CBM 179 Extra"]
[Source "ChessBase"]
[SourceDate "2017.08.23"]
[SourceVersion "1"]
[SourceVersionDate "2017.08.23"]
[SourceQuality "1"]

1. d4 Nf6 2. Bg5 d5 3. e3 e6 4. Nf3 Nbd7 5. c4 c6 6. Bd3 Qa5+ 7. Nbd2 dxc4 8. Bxf6 cxd3 9. Bh4 Bb4 10. 0-0 Bxd2 11. Nxd2 0-0 12. Nc4 Qd5 13. Qxd3 e5 14. Rfd1 e4 15. Qc2 Nb6 16. Nd2 Bg4 17. Re1 Rfe8 18. b3 Rac8 19. Rac1 Re6 20. Bg3 Nd7 21. Qc4 Qa5 22. b4 Qf5 23. a4 Nb6 24. Qc2 Rce8 25. Rb1 Rf6 26. b5 Nd5 27. Nc4 Rd8 28. Ne5 cxb5 29. Rxb5 b6 30. Qc4 Ne7 31. Nxf7 Rxf7 32. Rxf5 Bxf5 33. Qc7 Rd7 34. Qc4 Rd8 35. Qb5 Ng6 36. Rc1 Bd7 37. Qd5 Re8 38. Rc7 1-0

[Event "Vaxjo Nordic zt"]
[Site "Vaxjo"]
[Date "2017.06.26"]
[Round "1"]
[White "Skjoldager, Flemming"]
[Black "Pantzar, Milton"]
[Result "0-1"]
[WhiteElo "1906"]
[BlackElo "2313"]
[PlyCount "32"]
[EventDate "2017.06.26"]
[EventType "swiss"]
[EventRounds "9"]
[EventCountry "SWE"]
[SourceTitle "CBM 179 Extra"]
[Source "ChessBase"]
[SourceDate "2017.08.23"]
[SourceVersion "1"]
[SourceVersionDate "2017.08.23"]
[SourceQuality "1"]

1. Nf3 d5 2. e3 Nf6 3. c4 e6 4. b3 c5 5. Bb2 Nc6 6. cxd5 exd5 7. d4 cxd4 8. exd4 Bb4+ 9. Nfd2 0-0 10. Be2 Qb6 11. a3 Bxd2+ 12. Nxd2 Nxd4 13. Nc4 dxc4 14. Bxd4 Qxb3 15. Qc1 Re8 16. Rb1 Rxe2+ 0-1

[Event "Helsingor Xtracon op"]
[Site "Helsingor"]
[Date "2016.07.25"]
[Round "4"]
[White "Mansoor, Afras"]
[Black "Skjoldager, Flemming"]
[Result "1-0"]
[WhiteElo "1719"]
[BlackElo "1926"]
[PlyCount "49"]
[EventDate "2016.07.23"]
[EventType "swiss"]
[EventRounds "10"]
[EventCountry "DEN"]
[SourceTitle "CBM 173 Extra"]
[Source "ChessBase"]
[SourceDate "2016.08.29"]
[SourceVersion "1"]
[SourceVersionDate "2016.08.29"]
[SourceQuality "1"]

1. d4 d5 2. c4 c6 3. Nf3 Nf6 4. e3 e6 5. Nc3 Nbd7 6. Bd3 Bd6 7. 0-0 0-0 8. Qe2 Qc7 9. e4 dxc4 10. Bxc4 e5 11. d5 a6 12. Bg5 c5 13. Nh4 b5 14. Bd3 h6 15. Bd2 Re8 16. Nf5 Bf8 17. f4 c4 18. Bc2 Qb6+ 19. Kh1 Bd6 20. Qf3 exf4 21. Bxf4 Bxf4 22. Qxf4 Nh5 23. Nxh6+ Qxh6 24. Qxf7+ Kh7 25. e5+ 1-0

[Event "Politiken Cup 37th"]
[Site "Helsingor"]
[Date "2015.08.01"]
[Round "9"]
[White "Pedersen, Hans Buus"]
[Black "Skjoldager, Flemming"]
[Result "1/2-1/2"]
[WhiteElo "2158"]
[BlackElo "1944"]
[PlyCount "36"]
[EventDate "2015.07.25"]
[EventType "swiss"]
[EventRounds "10"]
[EventCountry "DEN"]
[SourceTitle "CBM 167 Extra"]
[Source "ChessBase"]
[SourceDate "2015.09.14"]
[SourceVersion "1"]
[SourceVersionDate "2015.09.14"]
[SourceQuality "1"]

1. e4 c6 2. Nc3 d5 3. Nf3 dxe4 4. Nxe4 Nf6 5. Qe2 Bf5 6. d3 e6 7. g3 Nbd7 8. Bg2 Nxe4 9. dxe4 Bg4 10. h3 Bxf3 11. Qxf3 Bb4+ 12. Kf1 Ne5 13. Qe2 0-0 14. Be3 Qe7 15. Kg1 Bc5 16. Kh2 Rad8 17. Rhd1 Bxe3 18. Qxe3 c5 1/2-1/2

[Event "Politiken Cup 37th"]
[Site "Helsingor"]
[Date "2015.07.26"]
[Round "2"]
[White "Skjoldager, Flemming"]
[Black "Larsen, Hans Haagen"]
[Result "1-0"]
[WhiteElo "1944"]
[BlackElo "1714"]
[PlyCount "105"]
[EventDate "2015.07.25"]
[EventType "swiss"]
[EventRounds "10"]
[EventCountry "DEN"]
[SourceTitle "CBM 167 Extra"]
[Source "ChessBase"]
[SourceDate "2015.09.14"]
[SourceVersion "1"]
[SourceVersionDate "2015.09.14"]
[SourceQuality "1"]

1. e4 e6 2. d4 d5 3. Nd2 c5 4. exd5 exd5 5. Ngf3 Nc6 6. c3 Bd6 7. dxc5 Bxc5 8. Nb3 Bb6 9. Be2 Nge7 10. 0-0 Bf5 11. Re1 Qd7 12. a4 a6 13. Bf4 f6 14. a5 Ba7 15. Nbd4 0-0 16. Nxf5 Qxf5 17. Bg3 Rad8 18. Bd3 Qd7 19. Qc2 g6 20. h4 d4 21. cxd4 Nf5 22. Bxf5 gxf5 23. Rad1 Nb4 24. Qb3+ Nd5 25. Rc1 Kh8 26. Re2 Rg8 27. Qd1 f4 28. Bh2 Qh3 29. g3 fxg3 30. fxg3 Nf4 31. Rd2 Bxd4+ 32. Nxd4 Rxd4 33. Rcc2 Rxd2 34. Rxd2 Qxh4 35. Qf3 Qg5 36. Kh1 Nh5 37. Rd7 Qc1+ 38. Rd1 Qh6 39. g4 Ng7 40. Qxb7 f5 41. Rg1 f4 42. Qb6 Qxb6 43. axb6 Rb8 44. Rc1 h5 45. Rc6 hxg4 46. Bxf4 Rb7 47. Be5 Kg8 48. Rg6 Kf8 49. Bxg7+ Kf7 50. Rc6 Ke8 51. Be5 Re7 52. Rc8+ Kf7 53. Rc7 1-0

[Event "Borup Skovbo op"]
[Site "Borup"]
[Date "2014.09.06"]
[Round "3"]
[White "Skjoldager, Flemming"]
[Black "Percivaldi, Martin"]
[Result "0-1"]
[WhiteElo "1876"]
[BlackElo "2327"]
[PlyCount "82"]
[EventDate "2014.09.05"]
[EventType "swiss"]
[EventRounds "9"]
[EventCountry "DEN"]
[SourceTitle "CBM 162 Extra"]
[Source "ChessBase"]
[SourceDate "2014.10.17"]
[SourceVersion "1"]
[SourceVersionDate "2014.10.17"]
[SourceQuality "1"]

1. e4 e6 2. d4 d5 3. e5 c5 4. c3 Qb6 5. Nf3 Nc6 6. a3 c4 7. Nbd2 Na5 8. Be2 Bd7 9. a4 Ne7 10. 0-0 h6 11. Ne1 0-0-0 12. b4 cxb3 13. Nd3 Ng6 14. Ba3 Kb8 15. Bxf8 Rhxf8 16. Ra3 Rc8 17. Qa1 Rfd8 18. g3 Qc7 19. Rc1 Nc4 20. Nxc4 dxc4 21. Nb2 b5 22. axb5 Bxb5 23. Ra5 Qb7 24. Bf1 Ne7 25. Bg2 Qb6 26. Ra3 Nd5 27. Qb1 Rd7 28. Qe4 g6 29. Qe1 h5 30. h4 Rb7 31. Bxd5 exd5 32. Rca1 Qe6 33. Qf1 Qf5 34. Rc1 Qf3 35. Qd1 Qe4 36. Qe1 Qf5 37. Qf1 g5 38. hxg5 Qxg5 39. Raa1 h4 40. Kg2 Rg8 41. Qe1 Rb6 0-1

[Event "Politiken Cup 36th"]
[Site "Helsingor"]
[Date "2014.07.23"]
[Round "4"]
[White "Riis, Jens"]
[Black "Skjoldager, Flemming"]
[Result "1-0"]
[WhiteElo "2172"]
[BlackElo "1882"]
[PlyCount "61"]
[EventDate "2014.07.21"]
[EventType "swiss"]
[EventRounds "10"]
[EventCountry "DEN"]
[SourceTitle "CBM 161 Extra"]
[Source "ChessBase"]
[SourceDate "2014.08.29"]
[SourceVersion "1"]
[SourceVersionDate "2014.08.29"]
[SourceQuality "1"]

1. d4 d5 2. Nf3 Nf6 3. Bf4 c6 4. e3 Bf5 5. c4 e6 6. Nc3 Bd6 7. Ne5 0-0 8. Qb3 b6 9. h3 Bxe5 10. Bxe5 Nbd7 11. Bh2 Ne4 12. cxd5 cxd5 13. Ba6 Qh4 14. Nxe4 Bxe4 15. 0-0 Qg5 16. f3 Bf5 17. Kh1 Nf6 18. g4 Bg6 19. Bf4 Qh4 20. Kh2 Ne8 21. Bg3 Qe7 22. Rac1 h5 23. Qa3 Qxa3 24. bxa3 hxg4 25. hxg4 f6 26. Rc6 Bf7 27. Rfc1 g5 28. Bc8 Ng7 29. Bd6 Rd8 30. Be7 Re8 31. Bxf6 1-0

[Event "Politiken Cup 36th"]
[Site "Helsingor"]
[Date "2014.07.21"]
[Round "1"]
[White "Skjoldager, Flemming"]
[Black "Fossan, Petter"]
[Result "0-1"]
[WhiteElo "1882"]
[BlackElo "2257"]
[PlyCount "62"]
[EventDate "2014.07.21"]
[EventType "swiss"]
[EventRounds "10"]
[EventCountry "DEN"]
[SourceTitle "CBM 161 Extra"]
[Source "ChessBase"]
[SourceDate "2014.08.29"]
[SourceVersion "1"]
[SourceVersionDate "2014.08.29"]
[SourceQuality "1"]

1. e4 c6 2. d4 d5 3. exd5 cxd5 4. Bd3 Nc6 5. c3 Qc7 6. Nf3 Bg4 7. Nbd2 e6 8. h3 Bh5 9. 0-0 Nf6 10. Re1 Be7 11. Nf1 0-0 12. Ng3 Bg6 13. Bxg6 hxg6 14. Bg5 b5 15. Ne5 Rfe8 16. Nxc6 Qxc6 17. a3 a5 18. Qd2 b4 19. axb4 axb4 20. cxb4 Qb6 21. Rxa8 Rxa8 22. Rc1 Bxb4 23. Qd3 Bd6 24. Rc2 Ra4 25. Be3 Qb8 26. Qd1 Kh7 27. Ne2 Ne4 28. f3 Qb3 29. Bc1 Rc4 30. fxe4 Qxc2 31. Qf1 Qxe4 0-1

[Event "Politiken Cup 35th"]
[Site "Helsingor"]
[Date "2013.08.02"]
[Round "8"]
[White "Kristensen, Kjell Ole"]
[Black "Skjoldager, Flemming"]
[Result "1-0"]
[WhiteElo "2141"]
[BlackElo "1979"]
[PlyCount "139"]
[EventDate "2013.07.27"]
[EventType "swiss"]
[EventRounds "10"]
[EventCountry "DEN"]
[SourceTitle "CBM 155 Extra"]
[Source "ChessBase"]
[SourceDate "2013.08.26"]
[SourceVersion "1"]
[SourceVersionDate "2013.08.26"]
[SourceQuality "1"]

1. e4 c6 2. d4 d5 3. e5 Bf5 4. h4 h5 5. Bg5 Qb6 6. Bd3 Bxd3 7. Qxd3 Qxb2 8. e6 Qxa1 9. Qb3 Qxd4 10. Qxb7 Qe5+ 11. Ne2 fxe6 12. Bf4 Qe4 13. Qxa8 Qxc2 14. Qxb8+ Kf7 15. Rh3 Nf6 16. Qb3 Qe4 17. Rg3 c5 18. Nd2 Qb4 19. Qc2 Ne4 20. Rf3 Kg8 21. Kf1 Nxd2+ 22. Bxd2 Qxh4 23. Qg6 Qg4 24. Qf7+ Kh7 25. Nf4 Qf5 26. Qe8 g6 27. Nh3 Qb1+ 28. Ke2 Qe4+ 29. Kd1 Qb1+ 30. Bc1 Qxc1+ 31. Ke2 Qc2+ 32. Ke1 Qc1+ 33. Ke2 Qc2+ 34. Ke1 Qc1+ 35. Ke2 Bg7 36. Qxe7 Qc2+ 37. Ke1 Qc1+ 38. Ke2 Qc2+ 39. Ke1 Qc1+ 40. Ke2 Kh6 41. Re3 Qb2+ 42. Kf1 Qc1+ 43. Re1 Qc4+ 44. Kg1 e5 45. Ng5 Rg8 46. Nf7+ Kh7 47. Nxe5 Qc3 48. Re3 Qc1+ 49. Kh2 Rf8 50. Nxg6 Rxf2 51. Rg3 Qb2 52. Qg5 Qf6 53. Qxh5+ Kg8 54. Qxd5+ Kh7 55. Qe4 Kg8 56. Qe8+ Kh7 57. Qe4 Kg8 58. Qg4 Qf7 59. Rd3 Qc7+ 60. Kg1 Rf6 61. Re3 Rf7 62. Re8+ Kh7 63. Qh5+ Bh6 64. Rh8+ Kg7 65. Rxh6 Qg3 66. Rh7+ Kf6 67. Rxf7+ Kxf7 68. Qf5+ Kg8 69. Qf8+ Kh7 70. Qh8+ 1-0

[Event "Politiken Cup 35th"]
[Site "Helsingor"]
[Date "2013.08.01"]
[Round "7"]
[White "Skjoldager, Flemming"]
[Black "Marthedal, Anton Mehmet Yildiz"]
[Result "1-0"]
[WhiteElo "1979"]
[BlackElo "1644"]
[PlyCount "69"]
[EventDate "2013.07.27"]
[EventType "swiss"]
[EventRounds "10"]
[EventCountry "DEN"]
[SourceTitle "CBM 155 Extra"]
[Source "ChessBase"]
[SourceDate "2013.08.26"]
[SourceVersion "1"]
[SourceVersionDate "2013.08.26"]
[SourceQuality "1"]

1. e4 d6 2. d4 Nf6 3. Nc3 Nbd7 4. Be3 e5 5. f3 Be7 6. Qd2 c6 7. Bd3 Qc7 8. Nge2 Nf8 9. Ng3 Ng6 10. 0-0-0 Be6 11. Kb1 0-0 12. h4 h5 13. Nf5 Rfd8 14. g4 d5 15. g5 exd4 16. Nxd4 Ne8 17. Nxe6 fxe6 18. exd5 Ne5 19. Bf4 exd5 20. Qe2 Bd6 21. Bf5 Kh8 22. Bxe5 Bxe5 23. f4 Bxc3 24. Qxh5+ Kg8 25. bxc3 Qb6+ 26. Ka1 Qe3 27. Rd3 Qe7 28. Qh7+ Kf8 29. Bg6 Qe6 30. f5 Qg8 31. Qh5 Nd6 32. f6 Rd7 33. Rf1 gxf6 34. gxf6 Rad8 35. Qh6+ 1-0

[Event "Politiken Cup 35th"]
[Site "Helsingor"]
[Date "2013.07.31"]
[Round "6"]
[White "Standal, Bard"]
[Black "Skjoldager, Flemming"]
[Result "0-1"]
[WhiteElo "1807"]
[BlackElo "1979"]
[PlyCount "46"]
[EventDate "2013.07.27"]
[EventType "swiss"]
[EventRounds "10"]
[EventCountry "DEN"]
[SourceTitle "CBM 155 Extra"]
[Source "ChessBase"]
[SourceDate "2013.08.26"]
[SourceVersion "1"]
[SourceVersionDate "2013.08.26"]
[SourceQuality "1"]

1. Nf3 d5 2. d3 g6 3. Nbd2 Bg7 4. e4 dxe4 5. dxe4 Nd7 6. g3 Ngf6 7. Bg2 0-0 8. 0-0 Ng4 9. h3 Nge5 10. Nxe5 Nxe5 11. f4 Qd4+ 12. Kh1 Nc4 13. Nxc4 Qxc4 14. c3 Be6 15. Re1 Rfd8 16. Qc2 Rd7 17. Be3 Rad8 18. Bf1 Qc6 19. Kh2 Bc4 20. Bxc4 Qxc4 21. e5 b6 22. b3 Qc6 23. Bd4 Rxd4 0-1

[Event "Politiken Cup 35th"]
[Site "Helsingor"]
[Date "2013.07.29"]
[Round "4"]
[White "Martinsen, Stig K"]
[Black "Skjoldager, Flemming"]
[Result "1-0"]
[WhiteElo "2164"]
[BlackElo "1979"]
[PlyCount "75"]
[EventDate "2013.07.27"]
[EventType "swiss"]
[EventRounds "10"]
[EventCountry "DEN"]
[SourceTitle "CBM 155 Extra"]
[Source "ChessBase"]
[SourceDate "2013.08.26"]
[SourceVersion "1"]
[SourceVersionDate "2013.08.26"]
[SourceQuality "1"]

1. d4 Nf6 2. c4 e5 3. dxe5 Ng4 4. e3 Nxe5 5. Nh3 Bb4+ 6. Bd2 Bxd2+ 7. Qxd2 0-0 8. Nf4 b6 9. Nc3 Bb7 10. 0-0-0 d6 11. Be2 a5 12. Nfd5 Na6 13. f4 Nd7 14. e4 Nb4 15. h4 Bxd5 16. cxd5 Nc5 17. Kb1 Re8 18. Qd4 Qe7 19. Bb5 Rf8 20. h5 f6 21. g4 Rf7 22. Rh3 Rd8 23. Re3 Qf8 24. Rh1 Ra8 25. Ne2 Qc8 26. Rg1 Qf8 27. Ng3 g5 28. hxg6 hxg6 29. a3 Nba6 30. b4 Nb7 31. g5 fxg5 32. f5 Qg7 33. Qc4 Nb8 34. Be8 Re7 35. Bxg6 axb4 36. Nh5 Qh8 37. Qxb4 Nc5 38. f6 1-0

[Event "Politiken Cup 35th"]
[Site "Helsingor"]
[Date "2013.07.28"]
[Round "3"]
[White "Skjoldager, Flemming"]
[Black "Kyrkjebo, Marte Bakken"]
[Result "1-0"]
[WhiteElo "1979"]
[BlackElo "1641"]
[PlyCount "71"]
[EventDate "2013.07.27"]
[EventType "swiss"]
[EventRounds "10"]
[EventCountry "DEN"]
[SourceTitle "CBM 155 Extra"]
[Source "ChessBase"]
[SourceDate "2013.08.26"]
[SourceVersion "1"]
[SourceVersionDate "2013.08.26"]
[SourceQuality "1"]

1. e4 e5 2. Nf3 Nc6 3. Bb5 a6 4. Ba4 Nf6 5. d4 exd4 6. 0-0 Be7 7. Re1 0-0 8. e5 Nd5 9. Bb3 Nb6 10. Nxd4 Bc5 11. c3 Re8 12. Bf4 Nxd4 13. cxd4 Bb4 14. Nc3 d6 15. Qf3 Bxc3 16. bxc3 d5 17. Qg3 Bf5 18. e6 Rc8 19. exf7+ Kxf7 20. Rxe8 Qxe8 21. Be5 Bg6 22. Qf3+ Kg8 23. Bxd5+ Nxd5 24. Qxd5+ Bf7 25. Qxb7 Bc4 26. f3 Qd7 27. a4 Kf8 28. Re1 Kg8 29. h3 a5 30. Kh2 Qd8 31. Qc6 Bf7 32. Rb1 Be8 33. Qc5 Bf7 34. Qxa5 Bg6 35. Rb7 Qd5 36. Qxd5+ 1-0

[Event "Politiken Cup 31st"]
[Site "Helsingor"]
[Date "2009.07.22"]
[Round "6"]
[White "Rantanen, Yrjo A"]
[Black "Skjoldager, Flemming"]
[Result "1-0"]
[WhiteElo "2376"]
[BlackElo "1997"]
[PlyCount "51"]
[EventDate "2009.07.18"]
[EventType "swiss"]
[EventRounds "10"]
[EventCountry "DEN"]
[SourceTitle "CBM 131 Extra"]
[Source "ChessBase"]
[SourceDate "2009.09.03"]
[SourceVersion "2"]
[SourceVersionDate "2009.09.16"]
[SourceQuality "1"]

1. e4 c6 2. d4 d5 3. exd5 cxd5 4. c4 Nf6 5. Nc3 e6 6. cxd5 Nxd5 7. Bd3 Be7 8. Nf3 Nc6 9. 0-0 0-0 10. Re1 Bf6 11. Be4 Nce7 12. Qd3 h6 13. Ne2 Nf5 14. Ne5 Bxe5 15. dxe5 Nde7 16. Qc2 Rb8 17. g4 Nh4 18. Rd1 Bd7 19. Nd4 a6 20. f4 Qc8 21. Qf2 Neg6 22. f5 exf5 23. gxf5 Nxe5 24. Qxh4 Bxf5 25. Bxf5 Qxf5 26. Nxf5 1-0

[Event "Politiken Cup 31st"]
[Site "Helsingor"]
[Date "2009.07.21"]
[Round "5"]
[White "Skjoldager, Flemming"]
[Black "Hansen, Herborg"]
[Result "1-0"]
[WhiteElo "1997"]
[BlackElo "1832"]
[PlyCount "81"]
[EventDate "2009.07.18"]
[EventType "swiss"]
[EventRounds "10"]
[EventCountry "DEN"]
[SourceTitle "CBM 131 Extra"]
[Source "ChessBase"]
[SourceDate "2009.09.03"]
[SourceVersion "2"]
[SourceVersionDate "2009.09.16"]
[SourceQuality "1"]

1. e4 e5 2. Nf3 Nc6 3. Bb5 Nge7 4. c3 Ng6 5. d4 exd4 6. cxd4 Bb4+ 7. Nc3 0-0 8. 0-0 d6 9. Bg5 f6 10. Be3 Ba5 11. Qa4 Bxc3 12. bxc3 Nge7 13. Bc4+ Kh8 14. Qb5 a6 15. Qh5 b5 16. Bd3 Qe8 17. Qxe8 Rxe8 18. a4 bxa4 19. Rxa4 Bg4 20. Rxa6 Rxa6 21. Bxa6 Ra8 22. Bb5 Ra3 23. Rc1 h6 24. Nd2 Bh5 25. f4 Bg6 26. f5 Bf7 27. Bf4 Na5 28. d5 Nb3 29. Nxb3 Rxb3 30. Be2 g6 31. fxg6 Bxg6 32. Bf3 Kg7 33. Kf2 Ra3 34. g4 Nc8 35. Be3 Na7 36. c4 c6 37. Rb1 c5 38. Rb7+ Bf7 39. Bxh6+ Kxh6 40. Rxf7 Kg6 41. Rc7 1-0

[Event "Politiken Cup 31st"]
[Site "Helsingor"]
[Date "2009.07.20"]
[Round "4"]
[White "Kovachev, Daniel Jakobsen"]
[Black "Skjoldager, Flemming"]
[Result "1-0"]
[WhiteElo "2240"]
[BlackElo "1997"]
[PlyCount "47"]
[EventDate "2009.07.18"]
[EventType "swiss"]
[EventRounds "10"]
[EventCountry "DEN"]
[SourceTitle "CBM 131 Extra"]
[Source "ChessBase"]
[SourceDate "2009.09.03"]
[SourceVersion "2"]
[SourceVersionDate "2009.09.16"]
[SourceQuality "1"]

1. e4 c6 2. c4 d5 3. exd5 cxd5 4. cxd5 Nf6 5. Nc3 Nxd5 6. Nf3 e6 7. Bc4 Nb6 8. Bb3 Nc6 9. d4 Be7 10. 0-0 0-0 11. a3 Nd5 12. Re1 Nxc3 13. bxc3 Bf6 14. Bc2 b6 15. Qd3 g6 16. h4 Bb7 17. h5 Rc8 18. hxg6 hxg6 19. Rxe6 Re8 20. Rxe8+ Qxe8 21. Bg5 Nxd4 22. Bxf6 Bxf3 23. Qxd4 Bb7 24. Qh4 1-0